Top Cinco Maiores Artilheiros das Seleções - Statistics

Estatísticas Gerais
  • Esse quiz foi jogado 259 vezes
  • A pontuação média é 25 de 50
Estatísticas das Respostas
Jogador % Correto
Pelé
100%
Ronaldo
100%
Neymar
99%
Cristiano Ronaldo
98%
L. Messi
98%
D. Maradona
91%
G. Muller
88%
M. Klose
85%
Romário
85%
Eusebio
84%
L. Suárez
82%
E. Cavani
75%
H. Kane
75%
T. Henry
75%
D. Villa
67%
Luis Figo
67%
O. Giroud
64%
Robben/Bergkamp
63%
R. Van Persie
63%
Zico
63%
W. Rooney
62%
F. Torres
59%
G. Batistuta
57%
D. Forlan
52%
S. Aguero
48%
Raul
46%
R. Baggio
45%
K. Benzema
40%
H. Crespo
39%
Luigi Riva
38%
A. Del Piero
37%
M. Platini
37%
Pauleta
36%
B. Charlton
31%
A. Griezmann
30%
A. Morata
27%
M. Depay
24%
G. Lineker
21%
D.Silva
19%
L. Podolski
19%
P. Kluivert
18%
J. Klinsmann
14%
Nuno Gomes
14%
G. Meazza
12%
R. Voller
10%
K. Huntelaar
8%
S. Piola
3%
Á. Romano
1%
H. Scarone
1%
V. Woodward
1%
Nenhum quiz correspondente encontrado
Distribuição das Pontuações
Porcentagem de Pessoas com Cada Pontuação
Percentil de Números Respondidos
Sua Pontuação Histórica
Você não jogou esse quiz